000 00503nam a2200169Ia 4500
999 _c21970
_d21970
003 OSt
005 20200512105248.0
008 190216s9999||||xx |||||||||||||| ||und||
040 _coclc
082 _a297.29
_bQUT/I
100 _aQutb, Muhammed
_91891
245 0 _aIslam The Misunderstood Religion /
_cMuhammed Qutb
260 _bBoard Of Islamic Publications,
_c1964.
_aDelhi:
300 _a343p
650 _aIslamic History
942 _cBK
_2ddc
_h297.29
_iQUT/I
_k297.29
_mQUT/I